LEADER 00985nam a2200241 u 4500 001 000000034074 003 CaOOAMICUS 005 20070226112431.0 008 971121s1950 fr u000 u fre u 035 $a10776916 040 $aPUL(R)$bita 100 1 $aHauret, Charles.$0(OLS)http://pul/name/24254 245 10$aOrigines de l'univers et de l'homme d'après la Bible :$b(Genèse I-III) /$cCharles Hauret ; préface de M. le Chanoine J. Coppens .. 250 $a2e éd. 260 $aParis :$bJ. Gabalda,$c1950. 300 $a257 p. ;$c19 cm 700 1 $aCoppens, J.$0(OLS)http://pul/name/26372 850 $aPUL 852 $aPUL$W1$xSL Religione 1$y3$m24 B 3$j46755$nBK-PRI$b $qStampati$B46755$CPULBib$Z2$F46755 $H $81 941 1 $a8 961 $aINV: 14589 996 $6245$aOrigines de l'univers et de l'homme d'après la Bible :$b(Genèse I-III)$9(OLS)http://pul/title/46968 996 $6260$aParis :$bJ. Gabalda$9(OLS)http://pul/publisher/48260 LEADER 01377nam a2200301 u 4500 001 000000059112 003 CaOOAMICUS 005 20070226120751.0 008 010622s1995 it u000 u ita u 020 $a8806136429 035 $a10893546 040 $aPUL(R)$bita 100 1 $aGobetti, Piero,$d1901-1926.$0(OLS)http://pul/name/40862 245 13$aLa rivoluzione liberale :$bsaggio sulla lotta politica in Italia /$cPiero Gobetti ; edizione a cura di Ersilia Alessandrone Perona ; con un saggio di Paolo Flores D'Arcais. 260 $aTorino :$bEinaudi,$c1995. 300 $alxiv, 194 p.; ;$c18 cm 490 1 $aEinaudi Tascabili. Saggi ;$v285 500 $aInclude indici. 504 $aNote bibliografiche. 700 1 $aFlores d'Arcais, Paolo,$d1944-$0(OLS)http://pul/name/40355 700 1 $aAlessandrone Perona, Ersilia.$0(OLS)http://pul/name/40863 830 0$aEinaudi tascabili.$pSaggi ;$v285.$0(OLS)http://pul/title/38420 850 $aPUL 852 $aPUL$W1$xDP1 Altre Collocazioni$y17$mSenza collocazione$j12$nBK-PRI$b $qStampati$B77136$CPULBib$Z2$F77136 $H $81 941 1 $a8 996 $6020$a8806136429$9(OLS)http://pul/number/75151 996 $6245$aLa rivoluzione liberale :$bsaggio sulla lotta politica in Italia$9(OLS)http://pul/title/79174 996 $6260$aTorino :$bEinaudi$9(OLS)http://pul/publisher/48130